000 00882nam0a22002651 4500
001 RU\NLR\A1SV\156371
005 20260406162927.0
035 _a(NLR Aleph) 012510344
090 _a12270451
_c12270451
100 _a20210422d1925 u y0rusy50 ca
101 0 _arus
102 _aRU
200 1 _aУстав акционерного общества наглядных пособий "Аонапо"
_eУтв. Сов. труда и обороны СССР 23 нояб. 1923 г.
210 _aМ.
_cТиполит. "Аонапо"
_d1925
215 _a24 с.
_d16 см
300 _aБез тит. л.
620 _dМосква
710 0 2 _a"АОНАПО", акционерное общество
_cМосква
_3RU\NLR\AUTH\889934353
_9363812
801 0 _aRU
_bNLR
_c20210422
899 _aРГБ
899 _aРГБ
942 _cBOOK
980 _aNB
980 _aA1SV